Statistics for First Language of Toronto Residents

Click here to take the quiz!

General Stats

  • This quiz has been taken 329 times
    (27 since last reset)
  • The average score is 15 of 20

Answer Stats

Answer% Correct
French
100%
English
96%
Arabic
93%
Mandarin
93%
Spanish
93%
Portuguese
89%
Hindi
85%
Italian
85%
Russian
85%
Yue
81%
Korean
70%
Urdu
70%
Tagalog
67%
Persian
63%
Punjabi
63%
Greek
59%
Vietnamese
52%
Bengali
44%
Tamil
44%
Gujarati
33%

Score Distribution

Percentile by Number Answered

Percent of People with Each Score

Your Score History

You have not taken this quiz since the last reset